Vues stéreoscopiques des centres nerveux (Record no. 48427)

MARC details
000 -LEADER
campo de control de longitud fija 00640nam a22001935i 4500
001 - NÚMERO DE CONTROL
campo de control 48427
003 - IDENTIFICADOR DE NÚMERO DE CONTROL
campo de control ES-MaACL
005 - FECHA Y HORA DE LA ÚLTIMA TRANSACCIÓN
campo de control 20230906161742.0
007 - CAMPO FIJO DE DESCRIPCIÓN FÍSICA--INFORMACIÓN GENERAL
campo de control de longitud fija t|
008 - DATOS DE LONGITUD FIJA--INFORMACIÓN GENERAL
campo de control de longitud fija 950718s1892 fr ||||1| fre d
040 ## - FUENTE DE CATALOGACIÓN
Centro catalogador/agencia de origen CAM
Lengua de catalogación spa
Centro/agencia transcriptor CAM
100 1# - ENTRADA PRINCIPAL--NOMBRE DE PERSONA
Nombre de persona Debierre, Charles Marie.
9 (RLIN) 201351
245 10 - MENCIÓN DEL TÍTULO
Título Vues stéreoscopiques des centres nerveux
Resto del título : accompagnées d'un album... avec légendes explicatives /
Mención de responsabilidad, etc. par... Ch. Debierre..., E. Doumer.
260 ## - PUBLICACIÓN, DISTRIBUCIÓN, ETC.
Lugar de publicación, distribución, etc. Paris :
Nombre del editor, distribuidor, etc. Felix Alcan,
Fecha de publicación, distribución, etc. 1892 (
Fabricante Gaston Née)
300 ## - DESCRIPCIÓN FÍSICA
Extensión 24 h., 48 h. de lám. ;
Dimensiones 19 cm.
700 1# - ENTRADA AGREGADA--NOMBRE PERSONAL
Nombre de persona Doumer, Emmanuel.
9 (RLIN) 45504
852 ## - LOCALIZACIÓN
Ubicación ES-MaACL
Número de control de estantería F-8712
Holdings
Estatus retirado Estado de pérdida Estado de daño No para préstamo Colección Biblioteca de origen Biblioteca actual Ubicación en estantería Fecha de adquisición Fuente de adquisición Total de préstamos Signatura topográfica completa Código de barras Visto por última vez Precio de reemplazo Tipo de ítem Koha
        Libros del s. XIX Biblioteca del Ateneo de Madrid Biblioteca del Ateneo de Madrid Sala Pecera Planta 2 17/01/2008     F-8712 1050963 23/02/2023 23/02/2023 Libro impreso antiguo